Statistics for Top 25 Saskatchewan Municipalities By Population (2021)

Click here to take the quiz!

General Stats

  • This quiz has been taken 16 times
    (9 since last reset)
  • The average score is 17 of 25

Answer Stats

StatusPopulationAnswer% Correct
City226,404Regina
100%
City266,141Saskatoon
100%
City10,851Estevan
89%
City6,033Humboldt
89%
City33,665Moose Jaw
89%
City13,836North Battleford
89%
City37,756Prince Albert
89%
City16,750Swift Current
89%
Town4,400Battleford
78%
Town4,567Kindersley
78%
City11,843Lloydminster
78%
City10,549Martensville
78%
City12,419Warman
78%
City11,019Weyburn
78%
City16,280Yorkton
78%
Town4,570Nipawin
67%
City5,322Meadow Lake
56%
City5,955Melfort
44%
City4,493Melville
44%
Town3,821White City
44%
Town2,657Moosomin
33%
Town2,507Rosetown
33%
Town2,962Tisdale
33%
Town2,638Pilot Butte
22%
Town2,496Unity
22%

Score Distribution

Percentile by Number Answered

Percent of People with Each Score

Your Score History

You have not taken this quiz since the last reset